Heating, cooling, lighting : (Record no. 354031)

000 -LEADER
fixed length control field 01451cam a22003734a 4500
001 - CONTROL NUMBER
control field 15340186
003 - CONTROL NUMBER IDENTIFIER
control field OSt
005 - DATE AND TIME OF LATEST TRANSACTION
control field 20180116192424.0
008 - FIXED-LENGTH DATA ELEMENTS--GENERAL INFORMATION
fixed length control field 080623s2009 njuabef b 001 0 eng
010 ## - LIBRARY OF CONGRESS CONTROL NUMBER
LC control number 2008027971
015 ## - NATIONAL BIBLIOGRAPHY NUMBER
National bibliography number GBA8A5366
Source bnb
016 7# - NATIONAL BIBLIOGRAPHIC AGENCY CONTROL NUMBER
Record control number 014708032
Source Uk
020 ## - INTERNATIONAL STANDARD BOOK NUMBER
International Standard Book Number 9780470048092 (hbk. : alk. paper)
020 ## - INTERNATIONAL STANDARD BOOK NUMBER
International Standard Book Number 0470048093 (hbk. : alk. paper)
035 ## - SYSTEM CONTROL NUMBER
System control number (OCoLC)ocn209789797
035 ## - SYSTEM CONTROL NUMBER
System control number (OCoLC)209789797
040 ## - CATALOGING SOURCE
Original cataloging agency DLC
Transcribing agency DLC
Modifying agency BTCTA
-- BAKER
-- YDXCP
-- UKM
-- C#P
-- CDX
-- BWX
-- DLC
050 00 - LIBRARY OF CONGRESS CALL NUMBER
Classification number TH7222
Item number .L33 2009
082 00 - DEWEY DECIMAL CLASSIFICATION NUMBER
Classification number 697
Edition number 22
100 1# - MAIN ENTRY--PERSONAL NAME
Personal name Lechner, Norbert.
9 (RLIN) 7876
245 10 - TITLE STATEMENT
Title Heating, cooling, lighting :
Remainder of title sustainable design methods for architects /
Statement of responsibility, etc. Norbert Lechner.
250 ## - EDITION STATEMENT
Edition statement 3rd ed.
260 ## - PUBLICATION, DISTRIBUTION, ETC.
Place of publication, distribution, etc. Hoboken, N.J. :
Name of publisher, distributor, etc. John Wiley & Sons,
Date of publication, distribution, etc. c2009.
300 ## - PHYSICAL DESCRIPTION
Extent xix, 698 p., [4] p. of plates :
Other physical details ill. (some col.), maps (some col.), plans ;
Dimensions 29 cm.
504 ## - BIBLIOGRAPHY, ETC. NOTE
Bibliography, etc. note Includes bibliographical references (p. 679-684) and index.
650 #0 - SUBJECT ADDED ENTRY--TOPICAL TERM
Topical term or geographic name entry element Heating.
9 (RLIN) 7877
650 #0 - SUBJECT ADDED ENTRY--TOPICAL TERM
Topical term or geographic name entry element Air conditioning.
9 (RLIN) 7878
650 #0 - SUBJECT ADDED ENTRY--TOPICAL TERM
Topical term or geographic name entry element Lighting.
9 (RLIN) 7879
856 41 - ELECTRONIC LOCATION AND ACCESS
Materials specified Table of contents only
Uniform Resource Identifier <a href="http://www.loc.gov/catdir/toc/ecip0821/2008027971.html">http://www.loc.gov/catdir/toc/ecip0821/2008027971.html</a>
906 ## - LOCAL DATA ELEMENT F, LDF (RLIN)
a 7
b cbc
c orignew
d 1
e ecip
f 20
g y-gencatlg
942 ## - ADDED ENTRY ELEMENTS (KOHA)
Source of classification or shelving scheme
Koha item type Book
Holdings
Withdrawn status Lost status Source of classification or shelving scheme Damaged status Not for loan Permanent Location Current Location Date acquired Total Checkouts Total Renewals Full call number Barcode Date last seen Date last checked out Copy number Cost, replacement price Price effective from Koha item type
          School of Art Design and Architecture (SADA) School of Art Design and Architecture (SADA) 01/22/2015 3 2 697 LEC 2009 SADA0002413 08/08/2016 08/08/2016 01 11779.20 01/23/2015 Book
© 2023 Central Library, National University of Sciences and Technology. All Rights Reserved.